[Event "GER-chT U16"]
[Site "Naumburg"]
[Date "2010.12.29"]
[Round "5.4"]
[White "Rahmen, Christian"]
[Black "Schneider, Carsten"]
[Result "1-0"]
[WhiteElo "1507"]
[BlackElo "1512"]
[PlyCount "79"]
[EventDate "2010.12.27"]
[EventType "team-swiss"]
[EventRounds "7"]
[EventCountry "GER"]
[SourceTitle "CBM 140 Extra"]
[Source "ChessBase"]
[SourceDate "2011.03.01"]
[SourceVersion "1"]
[SourceVersionDate "2011.03.01"]
[SourceQuality "1"]
[WhiteTeam "Koeln Muelheim"]
[BlackTeam "Grossroehrsdorf"]
[WhiteTeamCountry "GER"]
[BlackTeamCountry "GER"]

1. d4 Nf6 2. f3 d5 3. e4 dxe4 4. Nc3 exf3 5. Nxf3 Bg4 6. h3 Bh5 7. g4 Bg6 8. Ne5 c6 9. g5 Nd5 10. Qf3 Nd7 11. Nxg6 hxg6 12. Nxd5 cxd5 13. Qxd5 Qc7 14. Bb5 e6 15. Bxd7+ Qxd7 16. Qxd7+ Kxd7 17. 0-0 Ke8 18. Rf3 Bd6 19. Be3 Ke7 20. Raf1 Rhf8 21. d5 e5 22. Re1 f6 23. gxf6+ gxf6 24. Bh6 Rg8 25. Ref1 f5 26. Bg5+ Kf7 27. Kg2 Rac8 28. c3 Be7 29. h4 Bxg5 30. hxg5 Rh8 31. Re3 e4 32. Rxe4 Rhe8 33. Rxe8 Kxe8 34. Re1+ Kd7 35. Kf3 b5 36. Re6 Rg8 37. b3 Kc7 38. c4 bxc4 39. bxc4 Kd7 40. c5 1-0

[Event "GER-chT U16"]
[Site "Naumburg"]
[Date "2010.12.28"]
[Round "3.4"]
[White "Abrahamyan, Arsen"]
[Black "Schneider, Carsten"]
[Result "1/2-1/2"]
[WhiteElo "1685"]
[BlackElo "1512"]
[PlyCount "107"]
[EventDate "2010.12.27"]
[EventType "team-swiss"]
[EventRounds "7"]
[EventCountry "GER"]
[SourceTitle "CBM 140 Extra"]
[Source "ChessBase"]
[SourceDate "2011.03.01"]
[SourceVersion "1"]
[SourceVersionDate "2011.03.01"]
[SourceQuality "1"]
[WhiteTeam "Frankfurt TV"]
[BlackTeam "Grossroehrsdorf"]
[WhiteTeamCountry "GER"]
[BlackTeamCountry "GER"]

1. e4 c5 2. Nf3 Nc6 3. d4 cxd4 4. Nxd4 e6 5. Nc3 Bb4 6. Nxc6 Bxc3+ 7. bxc3 bxc6 8. Qd4 Qf6 9. e5 Qe7 10. a4 f6 11. Ba3 fxe5 12. Qxe5 Qf6 13. Qe3 Ne7 14. Qd4 Nf5 15. Qxf6 gxf6 16. Bd3 Ne7 17. Kd2 Kf7 18. Rhg1 d5 19. f4 Bd7 20. Bc5 h6 21. Rab1 Bc8 22. g4 Ke8 23. Bd4 Rf8 24. Rbe1 Bd7 25. g5 hxg5 26. fxg5 fxg5 27. Rxg5 Rc8 28. Bc5 Rg8 29. Rxg8+ Nxg8 30. Bg6+ Kd8 31. Bf7 Nf6 32. Bxa7 Ke7 33. Bg6 Kd6 34. Bd4 Ng8 35. Be5+ Ke7 36. a5 Ra8 37. Rf1 Nh6 38. Bc7 Bc8 39. Bd3 c5 40. c4 dxc4 41. Bxc4 Ng8 42. Bb6 Kd6 43. Kc3 Ne7 44. Rd1+ Nd5+ 45. Kb3 Kc6 46. Bxd5+ exd5 47. Rg1 Ba6 48. Rg6+ Kb5 49. Rg5 Bb7 50. Rg7 Bc6 51. Rh7 Rf8 52. Rh3 Re8 53. Kb2 c4 54. Kc3 1/2-1/2

[Event "GER-chT U14"]
[Site "Verden"]
[Date "2008.12.27"]
[Round "2.4"]
[White "Schnepper, Philipp"]
[Black "Schneider, Carsten"]
[Result "1/2-1/2"]
[WhiteElo "1470"]
[BlackElo "1335"]
[PlyCount "49"]
[EventDate "2008.12.27"]
[EventType "team-swiss"]
[EventRounds "7"]
[EventCountry "GER"]
[SourceTitle "EXT 2010"]
[Source "ChessBase"]
[SourceDate "2010.11.25"]
[SourceVersion "1"]
[SourceVersionDate "2010.11.25"]
[SourceQuality "1"]
[WhiteTeam "Mainaschaff"]
[BlackTeam "Grossroehrsdorf"]
[WhiteTeamCountry "GER"]
[BlackTeamCountry "GER"]

1. e4 c5 2. Nf3 Nc6 3. d4 cxd4 4. Nxd4 e6 5. Nc3 Bb4 6. Nxc6 Bxc3+ 7. bxc3 bxc6 8. Be2 h6 9. 0-0 Ne7 10. Ba3 0-0 11. Bd6 Re8 12. c4 Ba6 13. c5 Bxe2 14. Qxe2 Nc8 15. c4 Nxd6 16. cxd6 Qa5 17. Rac1 Rab8 18. Rb1 Qc5 19. Qd3 Red8 20. h3 Re8 21. Rfc1 e5 22. Rf1 Red8 23. Rfe1 Re8 24. Rf1 Rf8 25. Rfe1 1/2-1/2

[Event "GER-chT U12"]
[Site "Verden an der Aller"]
[Date "2006.12.28"]
[Round "3.4"]
[White "Schneider, Carsten"]
[Black "Imgrunt, Philipp"]
[Result "0-1"]
[WhiteElo "1176"]
[BlackElo "1269"]
[PlyCount "106"]
[EventDate "2006.12.27"]
[EventType "team-swiss"]
[EventRounds "7"]
[EventCountry "GER"]
[SourceTitle "EXT 2008"]
[Source "ChessBase"]
[SourceDate "2007.11.25"]
[SourceVersion "1"]
[SourceVersionDate "2007.11.25"]
[SourceQuality "1"]
[WhiteTeam "Grossroehrsdorf U12"]
[BlackTeam "Karlsruhe 1853 U12"]
[WhiteTeamCountry "GER"]
[BlackTeamCountry "GER"]

1. d4 d5 2. c4 e6 3. Nc3 Nf6 4. Bg5 Nbd7 5. e3 c6 6. cxd5 cxd5 7. Bd3 h6 8. Bf4 Qa5 9. a3 Be7 10. Nf3 0-0 11. 0-0 Nh5 12. Rc1 Nxf4 13. exf4 Bd6 14. Qd2 Nf6 15. Rc2 Nh5 16. Ne5 Qb6 17. Be2 Nf6 18. Rfc1 Bd7 19. Nxd7 Nxd7 20. Nb5 a6 21. Nxd6 Qxd6 22. Rc7 Rab8 23. Qb4 Qxf4 24. R1c2 Nf6 25. Rxb7 Ng4 26. Bxg4 Qxg4 27. Rc1 Rbc8 28. Re1 Rfe8 29. Qd2 Rc4 30. Rb4 Rxb4 31. axb4 Qg5 32. Qc2 Rb8 33. Qc3 Qe7 34. Rc1 Qxb4 35. Qxb4 Rxb4 36. Rc8+ Kh7 37. Rc7 Rxb2 38. g3 a5 39. Rc3 Rb1+ 40. Kg2 Ra1 41. Rc2 a4 42. h3 a3 43. h4 a2 44. h5 Rg1+ 45. Kxg1 a1Q+ 46. Kg2 Qxd4 47. Re2 Qd1 48. Re3 d4 49. Ra3 d3 50. Ra2 d2 51. Kh2 Qe1 52. Kg2 d1Q 53. Ra7 Qh1# 0-1

[Event "GER-chT U12"]
[Site "Verden an der Aller"]
[Date "2006.12.27"]
[Round "2.4"]
[White "Schwingen, Dominik"]
[Black "Schneider, Carsten"]
[Result "0-1"]
[WhiteElo "863"]
[BlackElo "1176"]
[PlyCount "162"]
[EventDate "2006.12.27"]
[EventType "team-swiss"]
[EventRounds "7"]
[EventCountry "GER"]
[SourceTitle "EXT 2008"]
[Source "ChessBase"]
[SourceDate "2007.11.25"]
[SourceVersion "1"]
[SourceVersionDate "2007.11.25"]
[SourceQuality "1"]
[WhiteTeam "Ettlingen U12"]
[BlackTeam "Grossroehrsdorf U12"]
[WhiteTeamCountry "GER"]
[BlackTeamCountry "GER"]

1. e4 c5 2. Nc3 Nf6 3. g3 Nc6 4. Bg2 e6 5. d3 Be7 6. f4 d6 7. Nf3 0-0 8. 0-0 a6 9. Be3 b5 10. a4 bxa4 11. Rxa4 Bb7 12. h3 d5 13. e5 Nd7 14. Ne2 Nb6 15. Ra1 Qc7 16. g4 Nd7 17. g5 g6 18. h4 Rad8 19. Ng3 d4 20. Bd2 Nb6 21. h5 c4 22. Bh3 Qc8 23. Nh4 cxd3 24. cxd3 Rde8 25. Qb3 Nd5 26. Ne4 Rd8 27. Nf6+ Bxf6 28. exf6 gxh5 29. Qd1 Ncb4 30. Bxb4 Nxb4 31. Rc1 Qd7 32. Rc4 Qd5 33. Bg2 Qb5 34. b3 Bxg2 35. Kxg2 Qb7+ 36. Kg1 Nd5 37. Rxd4 Ne3 38. Qf3 Qxf3 39. Rxf3 Rxd4 40. Rxe3 Rxf4 41. Ng2 Rg4 42. Re5 Rc8 43. Kf2 Rc2+ 44. Ke3 Rgxg2 45. Ra5 Rc6 46. Ra4 Rxg5 47. Rb4 h6 48. Rb8+ Kh7 49. Rb7 Kg6 50. Kf4 Rg4+ 51. Kf3 Rc3 52. Ke3 Rg3+ 53. Ke4 Rcxd3 54. Ra7 Rxb3 55. Rxa6 Rg4+ 56. Ke5 Rb5+ 57. Kd6 Rd4+ 58. Kc6 Rbd5 59. Ra3 Rd3 60. Ra4 R5d4 61. Ra5 Rc3+ 62. Kb5 Rd5+ 63. Kb4 Rxa5 64. Kxc3 Kxf6 65. Kd4 h4 66. Ke3 Ra4 67. Kf3 h3 68. Kg3 h2 69. Kxh2 Ra3 70. Kg2 Ke5 71. Kf2 Ke4 72. Kg2 Kf4 73. Kh2 Kg4 74. Kg2 Ra2+ 75. Kf1 Kf3 76. Ke1 Rh2 77. Kd1 Ke3 78. Kc1 Kd3 79. Kb1 Kc3 80. Ka1 Kb3 81. Kb1 Rh1# 0-1

[Event "Sachsen-ch U10"]
[Site "Sebnitz"]
[Date "2005.04.01"]
[Round "7"]
[White "Schneider, Carsten"]
[Black "Ruehrmund, Daniel"]
[Result "0-1"]
[WhiteElo "952"]
[BlackElo "1210"]
[PlyCount "50"]
[EventDate "2005.03.29"]
[EventType "swiss"]
[EventRounds "7"]
[EventCountry "GER"]
[SourceTitle "EXT 2007"]
[Source "ChessBase"]
[SourceDate "2006.11.23"]
[SourceVersion "1"]
[SourceVersionDate "2006.11.23"]
[SourceQuality "1"]

1. d4 d5 2. c4 dxc4 3. e4 Nf6 4. Nc3 Nc6 5. Nf3 Bg4 6. Bxc4 Bxf3 7. Qxf3 Nxd4 8. Qf4 Nc2+ 9. Kf1 Nxa1 10. e5 Nc2 11. exf6 gxf6 12. Qh4 Qd4 13. Qxd4 Nxd4 14. Nd5 0-0-0 15. Bf4 e5 16. Be3 Nc6 17. Ke2 Nd4+ 18. Ke1 c6 19. Nxf6 Bg7 20. Nh5 Nf5 21. Ke2 Bh6 22. Bxa7 Rd2+ 23. Kf3 Nh4+ 24. Ke4 Bf4 25. g3 f5# 0-1

[Event "Sachsen-ch U10"]
[Site "Sebnitz"]
[Date "2005.04.01"]
[Round "6"]
[White "Schneider, Carsten"]
[Black "Schumer, Arik"]
[Result "1-0"]
[WhiteElo "952"]
[BlackElo "1026"]
[PlyCount "111"]
[EventDate "2005.03.29"]
[EventType "swiss"]
[EventRounds "7"]
[EventCountry "GER"]
[SourceTitle "EXT 2007"]
[Source "ChessBase"]
[SourceDate "2006.11.23"]
[SourceVersion "1"]
[SourceVersionDate "2006.11.23"]
[SourceQuality "1"]

1. d4 d5 2. c4 dxc4 3. e4 Nf6 4. Nc3 Nc6 5. Nf3 Bg4 6. Bxc4 Nxd4 7. Be2 Nxf3+ 8. Bxf3 Bxf3 9. Qxf3 e5 10. 0-0 Bc5 11. Qg3 Qe7 12. Qxg7 Rg8 13. Qh6 0-0-0 14. Qh3+ Kb8 15. Qh4 Nd7 16. Qxh7 Rh8 17. Qf5 Qh4 18. h3 Qg3 19. Ne2 Qg7 20. Qg5 Qxg5 21. Bxg5 Rdg8 22. Bd2 Rxh3 23. Rad1 Rh5 24. Bc3 Rgh8 25. Ng3 R5h7 26. Rxd7 f6 27. Rxh7 Rxh7 28. Rd1 Kc8 29. Rc1 Rg7 30. Nf5 Rd7 31. Bxe5 fxe5 32. Rxc5 Rd1+ 33. Kh2 Rd2 34. Rxe5 Rxf2 35. Rd5 c6 36. Rd3 Rxb2 37. e5 Re2 38. Ne3 Rxa2 39. e6 Ra5 40. Nc4 Rh5+ 41. Kg1 Rh7 42. Ne5 Re7 43. Rd6 Kc7 44. Rd7+ Rxd7 45. exd7 Kd8 46. g4 b5 47. g5 b4 48. g6 b3 49. g7 b2 50. g8Q+ Kc7 51. Qb3 Kd8 52. Qxb2 c5 53. Qc3 a6 54. Qxc5 a5 55. Qc8+ Ke7 56. d8Q# 1-0

[Event "Sachsen-ch U10"]
[Site "Sebnitz"]
[Date "2005.03.30"]
[Round "4"]
[White "Ahlswede, Christian"]
[Black "Schneider, Carsten"]
[Result "0-1"]
[WhiteElo "1081"]
[BlackElo "952"]
[PlyCount "116"]
[EventDate "2005.03.29"]
[EventType "swiss"]
[EventRounds "7"]
[EventCountry "GER"]
[SourceTitle "EXT 2007"]
[Source "ChessBase"]
[SourceDate "2006.11.23"]
[SourceVersion "1"]
[SourceVersionDate "2006.11.23"]
[SourceQuality "1"]

1. e4 e5 2. Nf3 Nc6 3. Bc4 Bc5 4. 0-0 Nf6 5. Nc3 0-0 6. d3 h6 7. Re1 d6 8. Be3 Bxe3 9. Rxe3 Nd4 10. Nd5 Bg4 11. Nxf6+ Qxf6 12. Kf1 Rad8 13. c3 Nxf3 14. gxf3 Bh3+ 15. Ke1 Be6 16. Bxe6 fxe6 17. d4 c6 18. d5 Rd7 19. Qb3 Re7 20. Rd1 Rd8 21. Red3 c5 22. dxe6 Qxe6 23. Qa3 b6 24. R1d2 Qf6 25. Qb3+ Kh8 26. Qa3 b5 27. b4 c4 28. Rd5 Red7 29. Rxb5 Qxf3 30. Re2 Qh1+ 31. Kd2 Qxh2 32. f3 Qf4+ 33. Kc2 Qxf3 34. Re1 Qd3+ 35. Kc1 Rf8 36. Rd5 Qg3 37. Rdd1 Qf4+ 38. Kb1 Qh4 39. Qa4 Rff7 40. b5 g5 41. Qxc4 g4 42. Rf1 Rc7 43. Qe6 Qe7 44. Qxh6+ Kg8 45. Qg6+ Rg7 46. Qh6 Rxc3 47. Rh1 Kf7 48. Rdf1+ Ke8 49. Qh8+ Kd7 50. Rh2 g3 51. Rg2 Rf7 52. Qh3+ Kc7 53. Rc1 Rxc1+ 54. Kxc1 Qg5+ 55. Kc2 Rf2+ 56. Rxf2 gxf2 57. Qh7+ Kb6 58. Qh1 Qg1 0-1